Red Light Tracklist (Bladee) - Statistics

General Stats
  • This quiz has been taken 15 times
  • The average score is 11 of 14
Answer Stats
Hint Answer % Correct
11 Decay
100%
6 Obedient
93%
5 Steve Jobs
86%
1 1D
79%
2 Golden Boy
79%
14 I'm Goofy
79%
12 College Boy
71%
4 Fake News
71%
7 For You
71%
8 Hex
71%
13 Puppet Master
71%
3 Westfield
71%
9 Nike Just Do It
64%
10 That Thing You Do
64%
No matching quizzes found
Score Distribution
Percent of People with Each Score
Percentile by Number Answered
Your Score History
You have not taken this quiz